000
00254nam a2200097Ia 4500
001
1206773
005
20250827022812.0
008
250824s9999 xx 000 0 und d
245
0
_a
SANATA DAİR
_c
HALİT ZİYA UŞAKLIGİL
260
_b
YAPI KREDİ YAYINLARI
999
_c
1206773
_d
1206773